[Event "Online Olym Top DivB 2021"]
[Site "chess.com INT"]
[Date "2021.09.09"]
[Round "5.4"]
[Board "3"]
[White "Vidic, Teja"]
[Black "Cramling, Pia"]
[Result "1-0"]
[WhiteTitle "WIM"]
[BlackTitle "GM"]
[WhiteElo "2172"]
[BlackElo "2455"]
[WhiteTeam "Slovenia"]
[BlackTeam "Sweden"]
[WhiteFideId "14605511"]
[BlackFideId "1700030"]
[EventDate "2021.09.08"]
[EventType "team"]

1. e4 c5 2. Nf3 e6 3. g3 Nc6 4. Bg2 Nf6 5. Nc3 a6 6. O-O d6 7. d4 cxd4 8. Nxd4
Bd7 9. Be3 Qc7 10. h3 b5 11. Nxc6 Bxc6 12. Qd4 Be7 13. a3 O-O 14. Rad1 a5 15. g4
Qb7 16. g5 Nd7 17. f3 b4 18. axb4 axb4 19. Ne2 Rfc8 20. Qd2 Ra2 21. Ra1 Rca8 22.
Rxa2 Rxa2 23. Rb1 Ne5 24. b3 Nd7 25. Nd4 Nc5 26. Rc1 Bd7 27. h4 g6 28. Rb1 e5
29. Ne2 Ra5 30. Nc1 Be6 31. Bf1 d5 32. Nd3 Nxd3 33. Qxd3 dxe4 34. fxe4 Ra8 35.
Rd1 Qc7 36. Bg2 Rc8 37. Rd2 Qb7 38. Qe2 Rc3 39. Kh1 Qc8 40. h5 Bg4 41. Qb5 Bxh5
42. Qxe5 Rxe3 43. Qxe7 Re1+ 44. Kh2 Qb8+ 45. Rd6 Rd1 46. e5 Rxd6 47. exd6 Bg4
48. Bd5 Qf8 49. Kg3 Qxe7 50. dxe7 Bd7 51. Kf4 Kg7 52. Ke5 h6 53. Kd6 1-0

[Event "Online Olym Top DivB 2021"]
[Site "chess.com INT"]
[Date "2021.09.09"]
[Round "5.4"]
[Board "4"]
[White "Agrest, Inna"]
[Black "Rozman, Monika"]
[Result "1-0"]
[WhiteTitle "WIM"]
[BlackTitle "WFM"]
[WhiteElo "2256"]
[BlackElo "2188"]
[WhiteTeam "Sweden"]
[BlackTeam "Slovenia"]
[WhiteFideId "1708830"]
[BlackFideId "14609118"]
[EventDate "2021.09.08"]
[EventType "team"]

1. e4 c5 2. Nf3 d6 3. d4 cxd4 4. Nxd4 Nf6 5. Nc3 a6 6. Bg5 e6 7. f4 Nbd7 8. Qf3
Qc7 9. O-O-O Be7 10. Bd3 b5 11. Rhe1 Bb7 12. Qe2 b4 13. Nd5 exd5 14. Nf5 dxe4
15. Nxe7 exd3 16. Qxd3 Kf8 17. Nf5 d5 18. Re7 h6 19. Bxf6 Qxf4+ 20. Kb1 Nxf6 21.
Rxb7 g6 22. Nd4 Qe4 23. Rf1 Rh7 24. Qd2 Re8 25. Qxb4+ Kg8 26. a3 Ng4 27. h3 Ne5
28. Re1 Qxg2 29. Rb8 Rxb8 30. Qxb8+ Kg7 31. Qxe5+ Kg8 32. Qf6 Rg7 33. Nc6 Qxh3
34. Ne7+ Kh7 35. Nxd5 Qd7 36. Nc3 Qd2 37. Re7 h5 38. Rxf7 Qe1+ 39. Ka2 Rxf7 40.
Qxf7+ Kh6 41. Qf4+ Kg7 42. Ne4 Qd1 43. Qf6+ Kh7 44. Qf7+ Kh8 45. Nf6 Qd5+ 46.
Qxd5 g5 47. Qg8# 1-0

[Event "Online Olym Top DivB 2021"]
[Site "chess.com INT"]
[Date "2021.09.09"]
[Round "5.4"]
[Board "5"]
[White "Subelj, Jan"]
[Black "Seo, Jung Min"]
[Result "1-0"]
[WhiteTitle "IM"]
[BlackTitle "IM"]
[WhiteElo "2415"]
[BlackElo "2469"]
[WhiteTeam "Slovenia"]
[BlackTeam "Sweden"]
[WhiteFideId "14618583"]
[BlackFideId "1734687"]
[EventDate "2021.09.08"]
[EventType "team"]

1. c4 Nf6 2. Nc3 e5 3. Nf3 Nc6 4. e3 Bb4 5. Qc2 Bxc3 6. Qxc3 Qe7 7. d4 e4 8. Nd2
d5 9. a3 O-O 10. b4 Be6 11. b5 Nb8 12. a4 Rc8 13. Ba3 Qe8 14. Nb3 Nbd7 15. c5
Nf8 16. c6 b6 17. Be2 Ng6 18. Kd2 Bg4 19. Bf1 Nh4 20. a5 Qe6 21. Kc2 Bh5 22. h3
Ne8 23. Qe1 Qf6 24. a6 h6 25. g4 Bg6 26. Be2 Nd6 27. Qg1 Nc4 28. Bb4 Nf3 29. Qg3
h5 30. h4 Re8 31. g5 Qf5 32. Bf1 Qc8 33. Bh3 Bf5 34. Nc1 Bxh3 35. Qxh3 Qd8 36.
Ne2 g6 37. Qg3 Rc8 38. Qf4 Re6 39. Qg3 Nd6 40. Nc3 Nf5 41. Qf4 Re8 42. Rh3 Re6
43. Rah1 Kg7 44. Rxf3 exf3 45. Qxf3 Ne7 46. Ne2 Nf5 47. Nf4 Re4 48. Nxh5+ gxh5
49. Qxf5 Rg4 50. Rh3 Qe8 51. Kd2 Qe6 52. Qxe6 fxe6 53. Be7 Re8 54. Bf6+ Kg6 55.
Be5 Re7 56. Bg3 e5 57. f3 Rxg3 58. Rxg3 exd4 59. exd4 Rf7 60. Ke3 Re7+ 61. Kd3
Rf7 62. Ke3 Re7+ 63. Kf4 Re2 64. Rg1 Rh2 65. Kg3 Re2 66. Rd1 Kf5 67. Rg1 Kg6 68.
Kf4 Rh2 69. Ke5 Rxh4 70. f4 Rg4 71. Rxg4 hxg4 72. f5+ Kxg5 73. f6 1-0

[Event "Online Olym Top DivB 2021"]
[Site "chess.com INT"]
[Date "2021.09.09"]
[Round "5.4"]
[Board "6"]
[White "Zaritovskaja, Margarita"]
[Black "Urh, Zala"]
[Result "0-1"]
[BlackTitle "WIM"]
[WhiteElo "2040"]
[BlackElo "2234"]
[WhiteTeam "Sweden"]
[BlackTeam "Slovenia"]
[WhiteFideId "14149249"]
[BlackFideId "14611481"]
[EventDate "2021.09.08"]
[EventType "team"]

1. e4 c5 2. Nf3 Nc6 3. d4 cxd4 4. Nxd4 Nf6 5. Nc3 e5 6. Ndb5 d6 7. Bg5 a6 8. Na3
b5 9. Bxf6 gxf6 10. Nd5 f5 11. Bd3 Be6 12. O-O Bg7 13. c4 b4 14. Nxb4 Nxb4 15.
Qa4+ Qd7 16. Qxb4 fxe4 17. Bxe4 Rd8 18. Rad1 O-O 19. Qd2 f5 20. Bd5 Kh8 21. Nc2
e4 22. Nd4 Bg8 23. Qg5 Rf6 24. b3 Rdf8 25. Bxg8 Rxg8 26. Ne2 Rg6 27. Qh5 Be5 28.
g3 Qf7 29. Kh1 Qf6 30. Rg1 Rh6 31. Qxh6 Qxh6 32. Nf4 Bxf4 33. gxf4 Qxf4 34.
Rxg8+ Kxg8 35. Kg1 e3 36. fxe3 Qg4+ 0-1

[Event "Online Olym Top DivB 2021"]
[Site "chess.com INT"]
[Date "2021.09.09"]
[Round "5.5"]
[Board "1"]
[White "Hesham, Abdelrahman"]
[Black "Gozzoli, Yannick"]
[Result "0-1"]
[WhiteTitle "GM"]
[BlackTitle "GM"]
[WhiteElo "2419"]
[BlackElo "2602"]
[WhiteTeam "Egypt"]
[BlackTeam "France"]
[WhiteFideId "10600183"]
[BlackFideId "616915"]
[EventDate "2021.09.08"]
[EventType "team"]

1. d4 d5 2. c4 c6 3. Nf3 Nf6 4. e3 Bf5 5. Nc3 e6 6. Nh4 Be4 7. Qb3 Qc7 8. cxd5
cxd5 9. Bd2 Nc6 10. Rc1 Be7 11. f3 Bg6 12. Nxg6 hxg6 13. Bd3 g5 14. Ne2 Rb8 15.
Kf2 Kf8 16. h3 g6 17. e4 Kg7 18. e5 Nd7 19. Be3 Rbc8 20. Rc2 Qb8 21. Rhc1 Nb6
22. Bd2 Rh4 23. Bb5 Nxd4 24. Nxd4 Rxd4 25. Rxc8 Nxc8 26. Qc3 Rb4 27. Bd3 Nb6 28.
Qc2 Qxe5 29. Bxb4 Bxb4 30. a3 Bd6 31. Qc3 d4 32. Qe1 Qh2 33. Qg1 Qf4 34. Qe1 Nd5
35. Rc8 Qg3+ 36. Ke2 Nf4+ 0-1

[Event "Online Olym Top DivB 2021"]
[Site "chess.com INT"]
[Date "2021.09.09"]
[Round "5.5"]
[Board "2"]
[White "Maze, Sebastien"]
[Black "Wageih, Kareim"]
[Result "0-1"]
[WhiteTitle "GM"]
[BlackTitle "IM"]
[WhiteElo "2553"]
[BlackElo "2405"]
[WhiteTeam "France"]
[BlackTeam "Egypt"]
[WhiteFideId "613762"]
[BlackFideId "10604561"]
[EventDate "2021.09.08"]
[EventType "team"]

1. e4 c6 2. d4 d5 3. e5 Bf5 4. Nf3 e6 5. Be2 c5 6. Be3 Ne7 7. c3 cxd4 8. cxd4
Nd7 9. Nc3 Nc6 10. O-O Be7 11. Ne1 O-O 12. f4 Nb6 13. g4 Be4 14. Bd3 Bxd3 15.
Nxd3 Nc4 16. Bf2 f5 17. exf6 Bxf6 18. Ne2 Qb6 19. b3 Nd6 20. Ne5 Rad8 21. Ng3
Ne4 22. Nxc6 Nxf2 23. Rxf2 bxc6 24. Ne2 c5 25. dxc5 Qxc5 26. Rc1 Qe3 27. Kg2 d4
28. Rf3 Qe4 29. Qd3 Qd5 30. Ng3 Rc8 31. Rxc8 Rxc8 32. Ne4 Rc1 33. Kh3 Re1 34.
Ng3 Rc1 35. Qe4 Rd1 36. Qxd5 exd5 37. g5 Bd8 38. Kg2 d3 39. Rf1 Rd2+ 40. Rf2 Rd1
41. Nf1 Bb6 42. Rf3 Ba5 43. a3 Bc3 44. Ne3 Rc1 45. Rf1 d2 46. Nd1 d4 47. f5 Rb1
48. b4 Ra1 49. Kf3 Rxa3 50. Ke4 Rb3 51. Kd3 Bxb4+ 52. Kc2 Rh3 53. Rf4 Bc3 54. f6
gxf6 55. gxf6 Kf7 56. Rf2 a5 57. Rg2 Kxf6 58. Nf2 Rf3 59. Ne4+ Ke5 60. Nxd2 Bxd2
61. Kxd2 a4 62. Rg5+ Ke4 63. Rh5 Rf7 64. Ke2 Ra7 65. Rh4+ Kd5 0-1

[Event "Online Olym Top DivB 2021"]
[Site "chess.com INT"]
[Date "2021.09.09"]
[Round "5.5"]
[Board "3"]
[White "Wafa, Shahenda"]
[Black "Sebag, Marie"]
[Result "0-1"]
[WhiteTitle "WGM"]
[BlackTitle "GM"]
[WhiteElo "2120"]
[BlackElo "2447"]
[WhiteTeam "Egypt"]
[BlackTeam "France"]
[WhiteFideId "10609962"]
[BlackFideId "617822"]
[EventDate "2021.09.08"]
[EventType "team"]

1. e4 c5 2. Nf3 d6 3. d4 cxd4 4. Nxd4 Nf6 5. Nc3 a6 6. Bg5 e6 7. f4 Nbd7 8. Qf3
Qc7 9. O-O-O h6 10. Bxf6 Nxf6 11. g4 b5 12. Bd3 b4 13. Nce2 e5 14. Nf5 Bb7 15.
g5 hxg5 16. fxg5 Nd7 17. Ne3 Nc5 18. Nd5 Bxd5 19. exd5 Be7 20. g6 Nxd3+ 21. Qxd3
O-O 22. Rhg1 Rac8 23. Rg2 Qc4 24. Qf5 fxg6 25. Qxg6 Bf6 26. b3 Qh4 27. Ng3 Qg5+
28. Qxg5 Bxg5+ 29. Kb1 Bh6 30. Ne4 Rf4 31. Nxd6 Rd8 32. Nc4 Rxd5 33. Re1 Re4 34.
Reg1 Red4 35. a3 bxa3 36. Ka2 e4 37. Re1 e3 38. Kxa3 Re4 39. Ree2 Bf4 40. Kb4
Bd6+ 41. Kc3 Bc5 42. Rg3 Bd4+ 43. Kb4 a5+ 44. Ka3 Bc5+ 45. Ka2 a4 46. Kb2 a3+
47. Nxa3 Rd2 48. Rxd2 exd2 49. Rd3 Rd4 0-1

[Event "Online Olym Top DivB 2021"]
[Site "chess.com INT"]
[Date "2021.09.09"]
[Round "5.5"]
[Board "4"]
[White "Navrotescu, Andreea"]
[Black "Moaataz, Ayah"]
[Result "1/2-1/2"]
[WhiteTitle "WIM"]
[BlackTitle "WIM"]
[WhiteElo "2203"]
[BlackElo "2032"]
[WhiteTeam "France"]
[BlackTeam "Egypt"]
[WhiteFideId "675946"]
[BlackFideId "10615873"]
[EventDate "2021.09.08"]
[EventType "team"]

1. c4 c6 2. d4 d5 3. Nf3 Nf6 4. Nc3 e6 5. g3 Bd6 6. Bg2 O-O 7. O-O Nbd7 8. b3
Qe7 9. Qc2 a5 10. a4 Rd8 11. Bb2 b6 12. Rad1 Ba6 13. Nd2 Rac8 14. e4 dxe4 15.
Ndxe4 Bb4 16. Nxf6+ Nxf6 17. Ne4 b5 18. Nxf6+ gxf6 19. Qe4 bxc4 20. bxc4 Bxc4
21. Qg4+ Kh8 22. d5 cxd5 23. Qh4 Kg7 24. Qg5+ Kf8 25. Bxf6 Qd6 26. Qg7+ Ke8 27.
Bh3 Qf8 28. Qxh7 Kd7 29. Rd4 Bxf1 30. Rxd5+ Kc6 31. Rxd8 Rxd8 32. Bxf1 Rd2 33.
Qe4+ Kb6 34. Bg5 Rd5 35. Be3+ Bc5 36. Qb1+ Kc7 37. Bf4+ e5 38. Bg2 exf4 39. Bxd5
Bxf2+ 40. Kg2 Qc5 41. Qb7+ Kd6 42. Qxf7 fxg3 43. Qe6+ Kc7 44. hxg3 Be3 45. Be4
Qd4 46. Qc6+ Kd8 47. Kf3 Bd2 48. Qa8+ Ke7 49. Qb7+ Kd8 50. Qb8+ Ke7 51. Qc7+ Kf6
52. Qc6+ Ke7 53. Kg4 Qg7+ 54. Bg6 Qd4+ 55. Be4 Qg7+ 56. Qg6 Qxg6+ 57. Bxg6 Kf6
58. Kh5 Kg7 1/2-1/2

[Event "Online Olym Top DivB 2021"]
[Site "chess.com INT"]
[Date "2021.09.09"]
[Round "5.5"]
[Board "5"]
[White "Kandil, Adham"]
[Black "Boyer, Mahel"]
[Result "0-1"]
[WhiteTitle "IM"]
[BlackTitle "IM"]
[WhiteElo "2342"]
[BlackElo "2398"]
[WhiteTeam "Egypt"]
[BlackTeam "France"]
[WhiteFideId "10618490"]
[BlackFideId "45102422"]
[EventDate "2021.09.08"]
[EventType "team"]

1. e4 e6 2. d4 d5 3. Nc3 Nf6 4. e5 Nfd7 5. f4 c5 6. Nf3 Nc6 7. Be3 Be7 8. Qd2
O-O 9. Be2 b6 10. O-O f5 11. Nd1 cxd4 12. Nxd4 Nxd4 13. Bxd4 Nc5 14. Nf2 a5 15.
Rfd1 Ba6 16. Bf3 Rc8 17. Qe3 Kh8 18. c3 g5 19. g3 Rg8 20. Kh1 Qf8 21. b4 Na4 22.
Rg1 Nb2 23. Be2 Nc4 24. Qf3 g4 25. Qd3 axb4 26. cxb4 Bxb4 27. Qd1 Bc5 28. h4 Bb7
29. Kh2 Ra8 30. a4 Qe7 31. Qd3 Rgc8 32. Rgb1 Ba6 33. Qd1 Bxd4 34. Qxd4 Qc5 35.
Qxc5 bxc5 36. Nd1 d4 37. Rc1 Nd2 38. Bxa6 Rxa6 39. Nb2 Nb3 40. Rab1 Nxc1 41.
Rxc1 Kg7 42. Nd3 Rxa4 43. Nxc5 Ra2+ 44. Kh1 Kf7 45. Rc4 d3 0-1

[Event "Online Olym Top DivB 2021"]
[Site "chess.com INT"]
[Date "2021.09.09"]
[Round "6.1"]
[Board "1"]
[White "Erdos, Viktor"]
[Black "Bacrot, Etienne"]
[Result "1/2-1/2"]
[WhiteTitle "GM"]
[BlackTitle "GM"]
[WhiteElo "2622"]
[BlackElo "2658"]
[WhiteTeam "Hungary"]
[BlackTeam "France"]
[WhiteFideId "719978"]
[BlackFideId "605506"]
[EventDate "2021.09.08"]
[EventType "team"]

1. Nf3 d5 2. d4 Nf6 3. c4 e6 4. Bg5 h6 5. Bxf6 Qxf6 6. e3 c6 7. Nbd2 Nd7 8. Qb3
g5 9. h3 Bg7 10. g4 b6 11. cxd5 exd5 12. Bd3 h5 13. O-O-O hxg4 14. hxg4 Rxh1 15.
Rxh1 Nf8 16. Rg1 Ng6 17. Bf5 Ne7 18. Bxc8 Rxc8 19. Kb1 Kf8 20. e4 Qg6 21. Re1 c5
22. dxc5 Rxc5 23. Qe3 Rb5 24. Nb3 Qxe4+ 25. Qxe4 dxe4 26. Rxe4 Bf6 27. Nbd4 Rc5
28. Nb3 Rd5 29. Nbd2 Ng6 30. Nc4 Rd1+ 31. Kc2 Rf1 32. Re2 Nf4 33. Rd2 Nh3 34.
Ne3 Rxf2 35. Rxf2 Nxf2 36. b4 Ke7 37. Kb3 Kd6 38. Kc4 Kc6 39. a4 a6 40. b5+
axb5+ 41. axb5+ Kd6 42. Nf5+ Ke6 43. Ne3 Be7 44. Nd4+ Kd7 45. Nd5 Bc5 46. Nf3
Nxg4 47. Nxg5 Ne5+ 48. Kc3 Kd6 49. Nf4 f5 50. Ne2 Be3 51. Nh3 Kc5 52. Nhf4 Bxf4
53. Nxf4 Kxb5 54. Kd4 Ng4 55. Nd5 Ka5 56. Ne7 Nh6 57. Nc8 b5 58. Nd6 Ka4 59. Kc5
b4 60. Nc4 b3 61. Kd4 Ng4 62. Kc3 f4 63. Nd2 Nf6 64. Nxb3 Nd5+ 65. Kc2 Ne3+ 66.
Kc3 f3 67. Nd2 f2 68. Kd3 Ng4 69. Nf1 Kb4 70. Ke2 Ne3 71. Kxf2 1/2-1/2

[Event "Online Olym Top DivB 2021"]
[Site "chess.com INT"]
[Date "2021.09.09"]
[Round "6.1"]
[Board "2"]
[White "Gozzoli, Yannick"]
[Black "Gledura, Benjamin"]
[Result "1/2-1/2"]
[WhiteTitle "GM"]
[BlackTitle "GM"]
[WhiteElo "2602"]
[BlackElo "2628"]
[WhiteTeam "France"]
[BlackTeam "Hungary"]
[WhiteFideId "616915"]
[BlackFideId "712779"]
[EventDate "2021.09.08"]
[EventType "team"]

1. d4 Nf6 2. c4 g6 3. Nc3 d5 4. cxd5 Nxd5 5. e4 Nxc3 6. bxc3 Bg7 7. Nf3 c5 8.
Bb5+ Nd7 9. O-O O-O 10. a4 cxd4 11. cxd4 Nc5 12. Qc2 Ne6 13. Be3 Nxd4 14. Nxd4
Bxd4 15. Rad1 e5 16. Bxd4 exd4 17. Bc4 Qf6 18. Qb2 Rd8 19. Rd3 Be6 20. Bxe6 Qxe6
21. Rxd4 Rxd4 22. Qxd4 b6 23. Rc1 Qe7 24. f3 Rd8 25. Qc3 h5 26. h3 h4 27. Qe3
Qe5 28. Re1 Rd4 29. Qc3 a5 30. Kf1 Qd6 31. e5 Qd7 32. e6 fxe6 33. Rxe6 Rd1+ 34.
Re1 Rxe1+ 35. Qxe1 Qd3+ 36. Kg1 Qd4+ 37. Kh1 Kf7 38. Qb1 Qb4 39. Qc2 Qc5 40.
Qb3+ Kf6 41. Qb2+ Ke6 42. Qb3+ Ke5 43. Qd3 Qc1+ 44. Kh2 Qf4+ 45. Kh1 Qxa4 46.
Qxg6 Qd4 47. Qg5+ Ke6 48. f4 Qf6 49. Qb5 Ke7 50. Qc4 Kd6 51. Kg1 Qf5 52. Qd4+
Kc6 53. Kh2 b5 54. Qc3+ Kb6 55. Qd4+ Kb7 56. Qg7+ Kc6 57. Qh6+ Kd5 58. Qxh4 a4
59. Qf2 a3 60. Qf3+ Kd4 61. Qxa3 Qxf4+ 62. Kh1 Qf1+ 63. Kh2 Qf4+ 64. Kh1 Qf1+
65. Kh2 Qf4+ 1/2-1/2

[Event "Online Olym Top DivB 2021"]
[Site "chess.com INT"]
[Date "2021.09.09"]
[Round "6.1"]
[Board "3"]
[White "Papp, Petra"]
[Black "Sebag, Marie"]
[Result "0-1"]
[WhiteTitle "WGM"]
[BlackTitle "GM"]
[WhiteElo "2336"]
[BlackElo "2447"]
[WhiteTeam "Hungary"]
[BlackTeam "France"]
[WhiteFideId "739049"]
[BlackFideId "617822"]
[EventDate "2021.09.08"]
[EventType "team"]

1. d4 Nf6 2. c4 e6 3. g3 d5 4. Nf3 Bb4+ 5. Bd2 Be7 6. Bg2 O-O 7. O-O c6 8. Qc2
b6 9. Rd1 Ba6 10. Ne5 Nfd7 11. b3 Nxe5 12. dxe5 Nd7 13. Bc3 Qc7 14. f4 dxc4 15.
Bb2 cxb3 16. axb3 Bb7 17. Nc3 b5 18. Nxb5 Qb6+ 19. Nd4 c5 20. Bxb7 Qxb7 21. Nf3
Rab8 22. Nd2 Nb6 23. e4 Rfc8 24. Bc3 c4 25. b4 Na8 26. Nf1 Nc7 27. Ne3 Nb5 28.
Be1 c3 29. Qd3 Bxb4 30. Nc2 Bc5+ 31. Bf2 Qb6 32. Bxc5 Qxc5+ 33. Kg2 h6 34. Ra5
Qb6 35. Raa1 Rd8 36. Qe2 Nd4 37. Nxd4 Rxd4 38. Kh3 Rxd1 39. Rxd1 Qb2 40. Qh5 c2
41. Rd7 Rf8 42. f5 c1=Q 43. fxe6 Qf1+ 44. Kg4 Qbe2+ 0-1

[Event "Online Olym Top DivB 2021"]
[Site "chess.com INT"]
[Date "2021.09.09"]
[Round "6.1"]
[Board "4"]
[White "Navrotescu, Andreea"]
[Black "Hoang, Thanh Trang"]
[Result "1/2-1/2"]
[WhiteTitle "WIM"]
[BlackTitle "GM"]
[WhiteElo "2203"]
[BlackElo "2380"]
[WhiteTeam "France"]
[BlackTeam "Hungary"]
[WhiteFideId "675946"]
[BlackFideId "12400149"]
[EventDate "2021.09.08"]
[EventType "team"]

1. c4 f5 2. Nc3 Nf6 3. d4 e6 4. a3 b6 5. d5 e5 6. g3 c5 7. Bg2 d6 8. e4 Be7 9.
Qc2 fxe4 10. Nxe4 O-O 11. Ng5 Na6 12. Bh3 Bxh3 13. N1xh3 Nc7 14. O-O Qd7 15. Kg2
h6 16. Ne4 b5 17. b3 Rab8 18. Rb1 Nxe4 19. Qxe4 Ne8 20. f3 Nf6 21. Qc2 bxc4 22.
bxc4 Rxb1 23. Qxb1 Qa4 24. Qd3 Rb8 25. Nf2 Qb3 26. Rd1 Qxd3 27. Rxd3 Rb1 28. Rc3
Bd8 29. Rc2 Kf7 30. Kf1 Ke8 31. Ke2 Kd7 32. Kd1 Rb3 33. Ke2 Rb1 34. Kd1 Rb3 35.
Ke2 Rb1 1/2-1/2

[Event "Online Olym Top DivB 2021"]
[Site "chess.com INT"]
[Date "2021.09.09"]
[Round "6.1"]
[Board "5"]
[White "Kozak, Adam"]
[Black "Boyer, Mahel"]
[Result "1-0"]
[WhiteTitle "GM"]
[BlackTitle "IM"]
[WhiteElo "2517"]
[BlackElo "2398"]
[WhiteTeam "Hungary"]
[BlackTeam "France"]
[WhiteFideId "753246"]
[BlackFideId "45102422"]
[EventDate "2021.09.08"]
[EventType "team"]

1. e4 e6 2. d4 d5 3. e5 c5 4. c3 Nc6 5. Nf3 Nh6 6. dxc5 Bxc5 7. b4 Bb6 8. b5 Ne7
9. h3 Ng6 10. Bd3 Nf5 11. O-O O-O 12. Re1 Nfh4 13. Ba3 Re8 14. Nbd2 Nxg2 15.
Bxg6 Nxe1 16. Bxf7+ Kxf7 17. Qxe1 Kg8 18. Qe2 Qd7 19. Kh2 Qf7 20. Rg1 Bd7 21. c4
a6 22. Bd6 axb5 23. c5 Bd8 24. Nb3 Ra4 25. Rg3 Re4 26. Qd3 Bh4 27. Rg2 Ra8 28.
Nbd2 Rf4 29. a3 Bc6 30. Nxh4 Rxh4 31. Nf3 Qf4+ 32. Rg3 Rh5 33. Kg1 Rf5 34. Be7
d4 35. Bg5 Qe4 36. Qxe4 Bxe4 37. Nxd4 Rxe5 38. Bf6 Rxa3 39. Rxg7+ Kf8 40. Bxe5
Bd5 41. Rxh7 b4 42. c6 bxc6 43. Bd6+ Kg8 44. Rb7 Rd3 45. Rxb4 e5 46. Bxe5 Rxh3
47. f4 c5 48. Rb5 Rc3 49. Nf5 Rc1+ 50. Kf2 Rc2+ 51. Ke1 Kf7 52. Ne3 Bc6 53. Rb6
Rc1+ 54. Kd2 1-0

[Event "Online Olym Top DivB 2021"]
[Site "chess.com INT"]
[Date "2021.09.09"]
[Round "6.1"]
[Board "6"]
[White "Sumarriva Paulin, Laura"]
[Black "Gaal, Zsoka"]
[Result "0-1"]
[WhiteTitle "WFM"]
[BlackTitle "WFM"]
[WhiteElo "1974"]
[BlackElo "2276"]
[WhiteTeam "France"]
[BlackTeam "Hungary"]
[WhiteFideId "45102635"]
[BlackFideId "777765"]
[EventDate "2021.09.08"]
[EventType "team"]

1. e4 c6 2. c4 d5 3. exd5 cxd5 4. cxd5 Nf6 5. Nc3 Nxd5 6. Nf3 Nc6 7. d4 g6 8.
Bc4 Nxc3 9. bxc3 Bg7 10. O-O O-O 11. Bg5 Qc7 12. Re1 e6 13. Rc1 b6 14. Nd2 h6
15. Bh4 Bb7 16. Ne4 Na5 17. Bd3 f5 18. Bg3 Qc6 19. Qc2 fxe4 20. Bxe4 Qd7 21.
Bxg6 Bd5 22. Qe2 Qc6 23. Qg4 Nc4 24. Bf4 Kh8 25. Bd3 Rf6 26. Be5 Nxe5 27. dxe5
h5 28. Qg5 Rh6 29. Re3 Rg8 30. Rh3 Bf8 31. Rxh5 Rxg5 32. Rxh6+ Bxh6 0-1

[Event "Online Olym Top DivB 2021"]
[Site "chess.com INT"]
[Date "2021.09.09"]
[Round "6.2"]
[Board "1"]
[White "Grandelius, Nils"]
[Black "Fawzy, Adham"]
[Result "1-0"]
[WhiteTitle "GM"]
[BlackTitle "GM"]
[WhiteElo "2666"]
[BlackElo "2488"]
[WhiteTeam "Sweden"]
[BlackTeam "Egypt"]
[WhiteFideId "1710400"]
[BlackFideId "10613129"]
[EventDate "2021.09.08"]
[EventType "team"]

1. e4 c5 2. Nf3 Nc6 3. Bb5 g6 4. O-O Bg7 5. c3 Nf6 6. Re1 O-O 7. d4 d5 8. e5 Ne4
9. Be3 Qb6 10. Bxc6 Qxc6 11. dxc5 Nxc5 12. Na3 Ne6 13. Nc2 Rd8 14. Qd2 b6 15.
Bh6 Bh8 16. Rad1 d4 17. Ncxd4 Nxd4 18. Nxd4 Qe8 19. Qe3 Bb7 20. e6 f5 21. h4 Rd6
22. Bf4 Rd5 23. c4 Rc5 24. b3 a6 25. Nf3 Rd8 26. Rxd8 Qxd8 27. Ne5 Bg7 28. Nd7
Rc6 29. h5 b5 30. h6 Bh8 31. Rd1 Qa8 32. c5 a5 33. Nb6 Qe8 34. Rd7 Bc8 35. Bc7
Rxb6 36. cxb6 Bf6 37. Rd8 1-0

[Event "Online Olym Top DivB 2021"]
[Site "chess.com INT"]
[Date "2021.09.09"]
[Round "6.2"]
[Board "2"]
[White "Wageih, Kareim"]
[Black "Agrest, Evgenij"]
[Result "0-1"]
[WhiteTitle "IM"]
[BlackTitle "GM"]
[WhiteElo "2405"]
[BlackElo "2568"]
[WhiteTeam "Egypt"]
[BlackTeam "Sweden"]
[WhiteFideId "10604561"]
[BlackFideId "1705024"]
[EventDate "2021.09.08"]
[EventType "team"]

1. d4 d5 2. c4 c6 3. cxd5 cxd5 4. Nc3 Nf6 5. Bf4 Nc6 6. e3 a6 7. Bd3 Bg4 8. f3
Bd7 9. Nge2 e6 10. Rc1 Nh5 11. O-O Nxf4 12. Nxf4 Bd6 13. Nfe2 Qh4 14. g3 Qh6 15.
f4 g5 16. Na4 gxf4 17. exf4 Rd8 18. Nb6 O-O 19. Bb1 Be8 20. Na4 f6 21. Nc5 Bxc5
22. Rxc5 Bh5 23. Rf2 e5 24. dxe5 fxe5 25. Rxd5 Nd4 26. Rxd4 exd4 27. Qd3 Kh8 28.
Nxd4 Qg7 29. Rd2 Bg6 30. Qe3 Bxb1 31. Ne6 Rde8 32. Qb6 Qe7 33. Qd4+ Rf6 34. Re2
Kg8 35. f5 Rc8 36. Qd5 Rxf5 37. Qb3 Qf7 38. Qd1 Bxa2 39. Nf4 Rfc5 0-1

[Event "Online Olym Top DivB 2021"]
[Site "chess.com INT"]
[Date "2021.09.09"]
[Round "6.2"]
[Board "3"]
[White "Cramling, Pia"]
[Black "Wafa, Shahenda"]
[Result "1-0"]
[WhiteTitle "GM"]
[BlackTitle "WGM"]
[WhiteElo "2455"]
[BlackElo "2120"]
[WhiteTeam "Sweden"]
[BlackTeam "Egypt"]
[WhiteFideId "1700030"]
[BlackFideId "10609962"]
[EventDate "2021.09.08"]
[EventType "team"]

1. d4 f5 2. g3 Nf6 3. Bg2 g6 4. Nf3 Bg7 5. b3 O-O 6. Bb2 d6 7. O-O c6 8. Nbd2
Qc7 9. Re1 Ne4 10. Nxe4 fxe4 11. Nd2 d5 12. f3 exf3 13. exf3 c5 14. f4 e6 15.
Nf3 Nc6 16. c3 cxd4 17. cxd4 Bd7 18. Kh1 Qb6 19. Rc1 Rac8 20. Qd2 a5 21. Rc5
Rfe8 22. Rec1 Bf8 23. R5c2 a4 24. bxa4 Ra8 25. Ne5 Nxe5 26. dxe5 Bxa4 27. Bd4
Qa5 28. Qxa5 Rxa5 29. Rc8 Ra8 30. Rxe8 Bxe8 31. Rc2 Bc6 32. h3 Ra4 33. Be3 Kf7
34. Kg1 Ke8 35. Bf2 Kd7 36. Bf1 Ra3 37. Kh2 Ra5 38. h4 Ra4 39. Be2 d4 40. Rd2
Bc5 41. h5 gxh5 42. Kh3 Ke7 43. Bd1 Rb4 44. Bb3 Ba4 45. Bxa4 Rxa4 46. Kh4 Kf7
47. Kxh5 Kg7 48. g4 Rc4 49. f5 exf5 50. gxf5 Ra4 51. Bh4 Ra3 52. e6 Kf8 53. f6
Re3 54. e7+ Kf7 55. Rg2 Re5+ 56. Kh6 d3 57. Rg7+ Ke8 58. f7+ 1-0

[Event "Online Olym Top DivB 2021"]
[Site "chess.com INT"]
[Date "2021.09.09"]
[Round "6.2"]
[Board "4"]
[White "Moaataz, Ayah"]
[Black "Agrest, Inna"]
[Result "0-1"]
[WhiteTitle "WIM"]
[BlackTitle "WIM"]
[WhiteElo "2032"]
[BlackElo "2256"]
[WhiteTeam "Egypt"]
[BlackTeam "Sweden"]
[WhiteFideId "10615873"]
[BlackFideId "1708830"]
[EventDate "2021.09.08"]
[EventType "team"]

1. c4 Nf6 2. g3 g6 3. Bg2 Bg7 4. Nc3 O-O 5. e4 d6 6. Nge2 c5 7. O-O Nc6 8. h3 a6
9. d3 Rb8 10. a4 Ne8 11. Be3 Nd4 12. Nd5 e6 13. Bxd4 cxd4 14. Nb4 Bd7 15. Nc2 b5
16. axb5 axb5 17. cxb5 Rxb5 18. Ncxd4 Rxb2 19. Ra7 Nf6 20. Nf3 Qb6 21. Ra3 Qb4
22. Ra7 Rb8 23. g4 Qb6 24. Ra3 Qc5 25. Rc3 Qa5 26. Rc1 h5 27. g5 Ne8 28. Ra1 Qb6
29. Nf4 Nc7 30. Rc1 Nb5 31. Nd2 Qd4 32. Rc4 Qe5 33. Ne2 Qxg5 34. f4 Qd8 35. Nf3
Qb6+ 36. Kh2 Qe3 37. Re1 Na3 38. Rc7 Rb1 39. Rc1 Bh6 40. Qd2 Qxd2 41. Nxd2 Rxc1
42. Rxc1 Rb2 43. Rd1 Ba4 44. Ra1 Rxd2 45. Rxa3 Bb5 46. Kg3 Rxe2 0-1